| 000 | 00705cam a22002292a 4500 | ||
|---|---|---|---|
| 001 | 016609 | ||
| 003 | AR-FADEU | ||
| 008 | 311216n2001####xxu####################dd | ||
| 020 | _a987-9173-55-4 | ||
| 092 |
_a320.82 _bG515 |
||
| 100 | _aGirbal-Blacha, Noemí M., coord. | ||
| 245 | _aEstado, sociedad y economía en la Argentina (1930-1997) | ||
| 260 | _aQuilmes | ||
| 260 | _bUniversidad Nacional | ||
| 260 | _c2001 | ||
| 300 | _a265 p. . cuad., gráf. | ||
| 440 |
_acuadernos universitarios _n3 |
||
| 500 | _aIncluye bibliografía | ||
| 700 | _aAdrián Gustavo, Zarrilli | ||
| 650 | _aESTADO-ARGENTINA-1930-1997; SOCIEDAD-ARGENTINA-1930-1997; ECONOMIA ARGENTINA-1930-1997 | ||
| 942 | _cBDGR | ||
| 999 |
_c22361 _d22361 |
||